[Event "Zuerich op-B 32nd"]
[Site "Zuerich"]
[Date "2008.12.29"]
[Round "6"]
[White "Barczyk, Janusz"]
[Black "Udry, Fredy"]
[Result "1-0"]
[WhiteElo "1687"]
[BlackElo "1556"]
[PlyCount "51"]
[EventDate "2008.12.26"]
[EventType "swiss"]
[EventRounds "7"]
[EventCountry "SUI"]
[SourceTitle "CBM 127 Extra"]
[Source "ChessBase"]
[SourceDate "2009.01.08"]
[SourceVersion "2"]
[SourceVersionDate "2009.01.28"]
[SourceQuality "1"]

1. e4 c5 2. Bc4 e6 3. Nf3 Nc6 4. Nc3 a6 5. d4 cxd4 6. Nxd4 Bc5 7. Be3 Be7 8. e5 Nxe5 9. Bb3 b5 10. Bf4 Bf6 11. Ne4 Qc7 12. 0-0 d5 13. Nxf6+ Nxf6 14. Re1 Nfd7 15. Qh5 g6 16. Bxe5 Qc5 17. Qd1 f6 18. Nxe6 Qb6 19. Bd4 Qb8 20. Nc7+ Kd8 21. Nxa8 Qxa8 22. Qf3 Qc6 23. Bxd5 Qd6 24. Re6 Qc7 25. Bxf6+ Nxf6 26. Qxf6+ 1-0